logo

Bir Sreshtho Munshi Abdur Rouf Library
Jhenaidah Cadet College

War : (Record no. 14157)

MARC details
000 -LEADER
fixed length control field 00673nam a2200229 a 4500
001 - CONTROL NUMBER
JCCL Control Number 14157
003 - CONTROL NUMBER IDENTIFIER
JCCL marc code BD-JhCC
005 - DATE AND TIME OF LATEST TRANSACTION
control field 20250203130649.0
008 - FIXED-LENGTH DATA ELEMENTS--GENERAL INFORMATION
fixed length control field 250203b20092020e a|||| ||a| 001 0 eng d
020 ## - INTERNATIONAL STANDARD BOOK NUMBER
International Standard Book Number 9780241392164
035 ## - SYSTEM CONTROL NUMBER
system control number (BD-JhCC)14157
040 ## - CATALOGING SOURCE
Original cataloging agency BD-JhCC
Modifying agency BD-JhCC
041 ## - LANGUAGE CODE
Language code of Book english
082 ## - DEWEY DECIMAL CLASSIFICATION NUMBER
Classification number 355.009
Author mark and Year DAV 2020
100 ## - MAIN ENTRY--PERSONAL NAME
Personal name David,Saul
245 ## - TITLE STATEMENT
Title War :
Remainder of title The definitive visual history /
Statement of responsibility, etc Saul David.
260 ## - PUBLICATION, DISTRIBUTION, ETC. (IMPRINT)
Place of publication, distribution, etc London:
Name of publisher, distributor, etc Dorling Kindersley Limited;
Date of publication, distribution, etc 2020.
300 ## - PHYSICAL DESCRIPTION
Pagination 512 p. :
Other physical details ill;
Dimensions 29 cm.
650 ## - SUBJECT ADDED ENTRY--TOPICAL TERM
Topical term or geographic name as entry element Art et science militaires Histoire
General subdivision General & world history
Geographic subdivision History of Military Science
942 ## - ADDED ENTRY ELEMENTS (KOHA)
Source of classification or shelving scheme Dewey Decimal Classification
Koha item type Books
Holdings
Source of classification or shelving scheme Damaged status Not for loan Home library Current library Shelving location Date of accession Cost, normal purchase price Total Checkouts Full call number Barcode Date last seen Copy number Method of acquisition Koha item type Currency
Dewey Decimal Classification     JCC Rouf Library JCC Rouf Library General Stacks   4000.00   355.009 DAV 2020 20050 02/03/2025 C-1 Exchange Reference BDT

JCC Library | Contacts | JCC Home

Last Update on 23 September 2017
Copyright @ 2017-2020 JCC Rouf Library
Rouf Library, Jhenidah Cadet College (JCC), Bangladesh